Аномальное поведение атомов серебра при интеркалировании под двумерную графитовую плёнку; Письма в Журнал экспериментальной и теоретической физики; Т. 75, вып. 1-2

Podrobná bibliografie
Parent link:Письма в Журнал экспериментальной и теоретической физики: научно-теоретический журнал/ Российская академия наук.— , 1970-.— 0370-274X
Т. 75, вып. 1-2.— 2002.— с. 28-30
Hlavní autor: Галль Н. Р.
Další autoři: Рутьков Е. В., Тонтегоде А. Я.
Jazyk:ruština
Vydáno: 2002
Edice:Конденсированные среды
Témata:
Médium: Kapitola
KOHA link:https://koha.lib.tpu.ru/cgi-bin/koha/opac-detail.pl?biblionumber=423207

MARC

LEADER 00000naa2a2200000 4500
001 423207
005 20231101073932.0
035 |a (RuTPU)RU\TPU\prd\81168 
035 |a RU\TPU\prd\5787 
090 |a 423207 
100 |a 20100426a2002 k y0rusy50 ca 
101 0 |a rus 
102 |a RU 
200 1 |a Аномальное поведение атомов серебра при интеркалировании под двумерную графитовую плёнку  |f Н. Р. Галль, Е. В. Рутьков, А. Я. Тонтегоде 
225 1 |a Конденсированные среды 
320 |a Библиогр.: 12 назв. 
461 1 |0 (RuTPU)RU\TPU\prd\1483  |x 0370-274X  |t Письма в Журнал экспериментальной и теоретической физики  |o научно-теоретический журнал  |f Российская академия наук  |d 1970- 
463 1 |0 (RuTPU)RU\TPU\prd\81161  |t Т. 75, вып. 1-2  |v с. 28-30  |d 2002 
610 1 |a атомы серебра 
610 1 |a интеркалирование 
610 1 |a графитовая плёнка 
610 1 |a напыление 
610 1 |a двумерная графитовая плёнка 
700 1 |a Галль  |b Н. Р. 
701 1 |a Рутьков  |b Е. В. 
701 1 |a Тонтегоде  |b А. Я. 
801 1 |a RU  |b 63413507  |c 20020909  |g PSBO 
801 2 |a RU  |b 63413507  |c 20100426  |g PSBO 
942 |c BK